NLSUI OPAC header image

Children's Participation: The theory and practice of involving young citizens in community development and environmental care (Record no. 33020)

MARC details
000 -LEADER
fixed length control field 00492nam a2200157Ia 4500
008 - FIXED-LENGTH DATA ELEMENTS--GENERAL INFORMATION
fixed length control field 160316s1997 xxu||||| |||| 00| 0 eng d
082 ## - DEWEY DECIMAL CLASSIFICATION NUMBER
Classification number 346.017000
Item number HAR
100 ## - MAIN ENTRY--PERSONAL NAME
Personal name Hart Roger A
245 ## - TITLE STATEMENT
Title Children's Participation: The theory and practice of involving young citizens in community development and environmental care
250 ## - EDITION STATEMENT
Edition statement
260 ## - PUBLICATION, DISTRIBUTION, ETC.
Place of publication, distribution, etc. New York
Name of publisher, distributor, etc. UNICEF
Date of publication, distribution, etc. 1997
300 ## - PHYSICAL DESCRIPTION
Extent 208
Other physical details
Dimensions
365 ## - TRADE PRICE
Price amount
650 ## - SUBJECT ADDED ENTRY--TOPICAL TERM
Topical term or geographic name entry element Childrens participation, enviromental planning
700 ## - ADDED ENTRY--PERSONAL NAME
Personal name
--
Holdings
Withdrawn status Lost status Damaged status Not for loan Home library Current library Shelving location Date acquired Total Checkouts Full call number Barcode Date last seen Price effective from Koha item type
        . .   30.05.2017   346.017 HAR REP10397 30.05.2017 30.05.2017 Repository